Fastest to 1000 runs in All Formats - Statistics

General Stats
  • This quiz has been taken 10 times
  • The average score is 220 of 289
Answer Stats
Runs Nation Inns Player % Correct
AUS 29 Aaron Finch
100%
AUS 62 Aaron Finch
100%
AUS 98 Aaron Finch
100%
SA 147 AB de Villiers
100%
SA 166 AB de Villiers
100%
SA 182 AB de Villiers
100%
ODI SA 205 AB de Villiers
100%
PAK 21 Babar Azam
100%
PAK 45 Babar Azam
100%
PAK 68 Babar Azam
100%
ODI PAK 82 Babar Azam
100%
5000 PAK 97 Babar Azam
100%
PAK 26 Babar Azam
100%
2000 PAK 52 Babar Azam
100%
PAK 81 Babar Azam
100%
PAK Babar Azam
100%
WI 35 Brian Lara
100%
WI 52 Brian Lara
100%
WI 76 Brian Lara
100%
WI 164 Brian Lara
100%
WI 177 Brian Lara
100%
WI 195 Brian Lara
100%
TEST WI 213 Brian Lara
100%
WI 118 Brian Lara
100%
WI 183 Brian Lara
100%
WI 211 Brian Lara
100%
WI 239 Brian Lara
100%
WI 278 Brian Lara
100%
WI 282 Chris Gayle
100%
AUS 93 David Warner
100%
AUS 115 David Warner
100%
AUS 139 David Warner
100%
AUS 102 David Warner
100%
AUS 13 Donald Bradman
100%
2000 AUS 22 Donald Bradman
100%
3000 AUS 33 Donald Bradman
100%
4000 AUS 48 Donald Bradman
100%
5000 AUS 56 Donald Bradman
100%
6000 AUS 68 Donald Bradman
100%
WI 55 Garry Sobers
100%
WI 77 Garry Sobers
100%
WI 95 Garry Sobers
100%
WI 111 Garry Sobers
100%
WI 138 Garry Sobers
100%
WI 157 Garry Sobers
100%
SA 188 Jacques Kallis
100%
SA 217 Jacques Kallis
100%
SA 234 Jacques Kallis
100%
SA 249 Jacques Kallis
100%
TEST SA 269 Jacques Kallis
100%
SA 188 Jacques Kallis
100%
SA 242 Jacques Kallis
100%
SA 272 Jacques Kallis
100%
SA 293 Jacques Kallis
100%
ENG 218 Joe Root
100%
ENG 238 Joe Root
100%
ENG 261 Joe Root
100%
ENG 72 Joe Root
100%
ENG 91 Joe Root
100%
ENG 116 Joe Root
100%
ENG 141 Joe Root
100%
ENG 106 Jos Buttler
100%
SL 116 Kumar Sangakkara
100%
SL 138 Kumar Sangakkara
100%
TEST SL 152 Kumar Sangakkara
100%
9000 SL 172 Kumar Sangakkara
100%
TEST SL 195 Kumar Sangakkara
100%
11000 SL 208 Kumar Sangakkara
100%
12000 SL 224 Kumar Sangakkara
100%
SL 318 Kumar Sangakkara
100%
SL 336 Kumar Sangakkara
100%
SL 363 Kumar Sangakkara
100%
ODI SL 378 Kumar Sangakkara
100%
AUS 77 Matthew Hayden
100%
AUS 95 Matthew Hayden
100%
AUS 164 Matthew Hayden
100%
IND 158 Rahul Dravid
100%
IND 176 Rahul Dravid
100%
IND 206 Rahul Dravid
100%
IND 234 Rahul Dravid
100%
IND 255 Rahul Dravid
100%
IND 277 Rahul Dravid
100%
IND 287 Rahul Dravid
100%
AUS 177 Ricky Ponting
100%
AUS 196 Ricky Ponting
100%
AUS 222 Ricky Ponting
100%
TEST AUS 247 Ricky Ponting
100%
AUS 275 Ricky Ponting
100%
AUS 242 Ricky Ponting
100%
AUS 266 Ricky Ponting
100%
AUS 286 Ricky Ponting
100%
AUS 314 Ricky Ponting
100%
AUS 341 Ricky Ponting
100%
IND 120 Sachin Tendulkar
100%
IND 136 Sachin Tendulkar
100%
IND 154 Sachin Tendulkar
100%
IND 179 Sachin Tendulkar
100%
10000 IND 195 Sachin Tendulkar
100%
IND 223 Sachin Tendulkar
100%
IND 247 Sachin Tendulkar
100%
13000 IND 266 Sachin Tendulkar
100%
14000 IND 279 Sachin Tendulkar
100%
15000 IND 300 Sachin Tendulkar
100%
IND 210 Sachin Tendulkar
100%
IND 235 Sachin Tendulkar
100%
IND 259 Sachin Tendulkar
100%
ODI IND 276 Sachin Tendulkar
100%
ODI IND 300 Sachin Tendulkar
100%
ODI IND 321 Sachin Tendulkar
100%
14000 IND 350 Sachin Tendulkar
100%
15000 IND 377 Sachin Tendulkar
100%
16000 IND 399 Sachin Tendulkar
100%
17000 IND 424 Sachin Tendulkar
100%
18000 IND 440 Sachin Tendulkar
100%
WI 256 Shivnarine Chanderpaul
100%
AUS 97 Steven Smith
100%
TEST AUS 111 Steven Smith
100%
7000 AUS 126 Steven Smith
100%
8000 AUS 151 Steven Smith
100%
TEST AUS 174 Steven Smith
100%
IND 95 Sunil Gavaskar
100%
IND 117 Sunil Gavaskar
100%
IND 140 Sunil Gavaskar
100%
IND 192 Sunil Gavaskar
100%
IND 212 Sunil Gavaskar
100%
IND 119 Virat Kohli
100%
IND 138 Virat Kohli
100%
IND 93 Virat Kohli
100%
IND 114 Virat Kohli
100%
ODI IND 136 Virat Kohli
100%
ODI IND 161 Virat Kohli
100%
8000 IND 175 Virat Kohli
100%
9000 IND 194 Virat Kohli
100%
10000 IND 205 Virat Kohli
100%
11000 IND 222 Virat Kohli
100%
12000 IND 242 Virat Kohli
100%
13000 IND 267 Virat Kohli
100%
IND 27 Virat Kohli
100%
IND 56 Virat Kohli
100%
T20I IND 81 Virat Kohli
100%
4000 IND Virat Kohli
100%
WI 36 Viv Richards
100%
WI 54 Viv Richards
100%
WI 71 Viv Richards
100%
WI 95 Viv Richards
100%
WI 120 Viv Richards
100%
WI 140 Viv Richards
100%
WI 21 Viv Richards
100%
WI 48 Viv Richards
100%
WI 69 Viv Richards
100%
WI 88 Viv Richards
100%
WI 114 Viv Richards
100%
WI 141 Viv Richards
100%
PAK 184 Younis Khan
100%
PAK 208 Younis Khan
100%
ENG 252 Alastair Cook
75%
ENG 275 Alastair Cook
75%
WI 187 Desmond Haynes
75%
WI 72 Gordon Greenidge
75%
WI 96 Gordon Greenidge
75%
ODI SA 40 Hashim Amla
75%
3000 SA 57 Hashim Amla
75%
4000 SA 81 Hashim Amla
75%
ODI SA 101 Hashim Amla
75%
6000 SA 123 Hashim Amla
75%
7000 SA 150 Hashim Amla
75%
ODI SA 176 Hashim Amla
75%
PAK 162 Javed Miandad
75%
NZ 164 Kane Williamson
75%
NZ 96 Kane Williamson
75%
NZ 139 Kane Williamson
75%
AUS 34 Marnus Labuschagne
75%
TEST AUS 51 Marnus Labuschagne
75%
NZ 186 Martin Guptill
75%
NZ 68 Martin Guptill
75%
NZ 101 Martin Guptill
75%
PAK 31 Mohammad Rizwan
75%
T20I PAK 52 Mohammad Rizwan
75%
3000 PAK 79 Mohammad Rizwan
75%
IND 214 MS Dhoni
75%
IND 244 MS Dhoni
75%
IND 273 MS Dhoni
75%
SA 21 Quinton de Kock
75%
SA 94 Quinton de Kock
75%
SA 116 Quinton de Kock
75%
SA 142 Quinton de Kock
75%
SA 71 Quinton de Kock
75%
IND 181 Rohit Sharma
75%
IND 200 Rohit Sharma
75%
IND 217 Rohit Sharma
75%
ODI IND 241 Rohit Sharma
75%
IND 108 Rohit Sharma
75%
T20I IND Rohit Sharma
75%
ODI IND 19 Shubman Gill
75%
2000 IND 38 Shubman Gill
75%
IND 147 Sourav Ganguly
75%
IND 174 Sourav Ganguly
75%
IND 200 Sourav Ganguly
75%
IND 228 Sourav Ganguly
75%
IND 263 Sourav Ganguly
75%
IND 288 Sourav Ganguly
75%
IND 55 Virender Sehwag
75%
IND 134 Virender Sehwag
75%
IND 160 Virender Sehwag
75%
IND 16 Yashasvi Jaiswal
75%
T20I NZ 26 Devon Conway
50%
SA 32 Faf du Plessis
50%
SA 72 Gary Kirsten
50%
PAK 19 Imamul Haq
50%
PAK 46 Imamul Haq
50%
ODI PAK 67 Imamul Haq
50%
PAK 324 Inzamam Haq
50%
ENG 21 Jonathan Trott
50%
ENG 47 Jonathan Trott
50%
ENG 72 Jonny Bairstow
50%
ENG 21 Kevin Pietersen
50%
ENG 45 Kevin Pietersen
50%
ENG 32 Kevin Pietersen
50%
IND 29 KL Rahul
50%
IND 58 KL Rahul
50%
SL 178 Mahela Jayawardene
50%
SL 210 Mahela Jayawardene
50%
SL 237 Mahela Jayawardene
50%
SL 368 Mahela Jayawardene
50%
SL 399 Mahela Jayawardene
50%
PAK 120 Mohammad Yousuf
50%
PAK 139 Mohammad Yousuf
50%
PAK 245 Mohammad Yousuf
50%
SA 71 Reeza Hendricks
50%
NZ 188 Ross Taylor
50%
NZ 203 Ross Taylor
50%
IND 31 Suryakumar Yadav
50%
IND 56 Suryakumar Yadav
50%
ENG 76 Wally Hammond
50%
ENG 97 Wally Hammond
50%
ENG 114 Wally Hammond
50%
TEST ENG 131 Wally Hammond
50%
PAK 45 Zaheer Abbas
50%
SA 32 Aiden Markram
25%
ENG 32 Alex Hales
25%
AUS 36 Arthur Morris
25%
NZ 66 Brendon McCullum
25%
WI 56 Clyde Walcott
25%
ENG 21 Dawid Malan
25%
1000 ENG 24 Dawid Malan
25%
TEST WI 12 Everton Weekes
25%
WI 36 Everton Weekes
25%
WI 51 Everton Weekes
25%
WI 71 Everton Weekes
25%
1000 PAK 18 Fakhar Zaman
25%
PAK 67 Fakhar Zaman
25%
TEST WI 32 George Headley
25%
1000 ENG 12 Herbert Sutcliffe
25%
ENG 33 Herbert Sutcliffe
25%
ENG 52 Herbert Sutcliffe
25%
TEST ENG 68 Herbert Sutcliffe
25%
ENG 75 Jack Hobbs
25%
TEST ENG 91 Jack Hobbs
25%
SL 13 Kamindu Mendis
25%
ENG 97 Ken Barrington
25%
ENG 116 Ken Barrington
25%
ENG 16 Leonard Hutton
25%
ENG 77 Leonard Hutton
25%
ENG 98 Leonard Hutton
25%
ENG 116 Leonard Hutton
25%
AUS 33 Michael Hussey
25%
AUS 14 Neil Harvey
25%
AUS 54 Neil Harvey
25%
PAK 218 Saeed Anwar
25%
SL 354 Sanath Jayasuriya
25%
SL 379 Sanath Jayasuriya
25%
SL 416 Sanath Jayasuriya
25%
WI 47 Shai Hope
25%
WI 67 Shai Hope
25%
WI 88 Shai Hope
25%
WI 114 Shai Hope
25%
IND 48 Shikhar Dhawan
25%
IND 72 Shikhar Dhawan
25%
IND 95 Shikhar Dhawan
25%
IND 118 Shikhar Dhawan
25%
IND 140 Shikhar Dhawan
25%
IND 14 Vinod Kambli
25%
AUS 35 Doug Walters
0%
WI 16 Frank Worrell
0%
WI 36 Frank Worrell
0%
WI 16 Lawrence Rowe
0%
SA 21 Rassie van der Dussen
0%
SA 45 Rassie van der Dussen
0%
SA 32 Rassie van der Dussen
0%
No matching quizzes found
Score Distribution
Percent of People with Each Score
Percentile by Number Answered
Your Score History
You have not taken this quiz